| 000 | 03992cam a22004454i 4500 | ||
|---|---|---|---|
| 003 | PE-LiUPU | ||
| 005 | 20250731165442.0 | ||
| 008 | 160831s2016 pe a grm 000 0 spa d | ||
| 035 | _a(Sirsi) a163224 | ||
| 040 |
_aPE-LiUPU _bspa _cPE-LiUPU _erda |
||
| 099 |
_aTIA 2 _bD69 2016 |
||
| 100 | 1 |
_aDiaz De la Vega Huanca, Marita Ada Shirley, _eautor |
|
| 245 | 1 |
_aEvaluación de los parámetros de un aislado proteico de quinua negra (Chenopodium quinoa Willdenow) variedad collana / _cMarita Ada Shirley Diaz de la Vega Huanca. |
|
| 264 | 0 | _c2016. | |
| 300 |
_a117 hojas : _bilustraciones; _c30 cm |
||
| 336 |
_atext _2rdacontent |
||
| 337 |
_aunmediated _2rdamedia |
||
| 338 |
_avolume _2rdacarrier |
||
| 502 |
_aTesis _b(Lic.) -- _cUniversidad Peruana Unión, _d2016. |
||
| 504 | _aIncluye referencias | ||
| 520 | 3 | _aEl objetivo este trabajo de investigación fue evaluar los parámetros para la extracción del aislado proteico de quinua negra (Chenopodium quinoa Willd) variedad Collana, caracterizar las propiedades fisicoquímicas e identificar las mejores condiciones de extracción para aumentar el rendimiento del aislado proteico. La metodología usada fue precipitación isoeléctrica. Se trabajó a diferentes puntos esoeléctricos (3; 4; 5). Se usó NaOH 0,1 N para incrementar el pH de la solución de harina previamente molida, tamizada y desgrasada mediante el método Soxhlet, la cual fue secada, pesada y suspendida en una relación harina:agua destilada (1:15). Posteriorente se trabajó con los parámetros establecidos. Esta solución se llevó a condiciones de temperatura y pH requeridas para cada ensayo obteniéndose un precipitado con algunos componentes solubles (fibra, carbohidratos y otros) en la primera extracción. El sobrenadante se almacenó en un vaso precipitado y se llevó a una segunda extracción alcalina donde se procedió a precipitar la proteína con los diferentes puntos insoeléctricos establecidos del diseño; se redujo el pH del sobrenadante con HCI 0,1 N para obtener el precipitado del aislado proteico. Finalmente el precipitado se procedió a secar por 24 horas. Los experimentos se realizaron bajo un diseño central compuesto con 3 puntos centrales, las variables independientes fueron: pH alcalinos (8; 9 y 10) y temperatura (20; 25 y 30 °C) las cuales fueron aplicadas sobre las variables dependientes: rendimiento, solubilidad y pureza. Los resultados mostraron que los granos de quinua negra no presentan diferencias ostensibles si se comparan los resultados de las características fisicoquímicas evaluadas: cenizas totales, grasa cruda, fibra cruda, carbohidratos (2,62; 3,43; 2,21; 73,01 g/10g) con los registros de otras variedades, sin embargo el contenido de proteína cruda es inferior a todos los registros de otras variedades (8,34 g/100g), además, los resultados también mostraron que las variables que ejercen efectos principales sobre el rendimiento de extracción de proteína fueron el pH y la temperatura (8 y a 20 °C). Las condiciones adecuadas de extracción de proteína recomendadas por el modelo correspondieron al punto esoeléctrico 3, obteniendo una mayor cantidad de proteína precipitada (94,622 por ciento), bajo los parámetros óptimo el aislado proteico de quinua negra presentó un contenido máximo de pureza, solubilidad y rendimiento de 30,41; 12,99 y 94,62 por ciento respectivamente siendo los parámetros más óptimos los que precipitaron a PI 3. | |
| 526 | _aSEG44 | ||
| 526 | _aSEG26 | ||
| 526 | _aP151 | ||
| 526 | _aP150 | ||
| 526 | _aP149 | ||
| 526 | _aP146 | ||
| 526 | _aP145 | ||
| 526 | _aP126 | ||
| 526 | _aP125 | ||
| 526 | _aP92 | ||
| 526 | _aP75 | ||
| 526 | _aP74 | ||
| 526 | _aP27 | ||
| 526 | _aP15 | ||
| 650 | 0 | 4 |
_aQuinua _xCalificación |
| 596 | _a1 | ||
| 942 |
_2ddc _cTESIS |
||
| 999 |
_aTIA 2 D69 2016 _wALPHANUM _c12119 _iT01975 _lCCODEBUL3 _mBUL _r1 _sY _tTESIS _u2016-8-31 _xINGENIERIA _PP26 _o.STAFF. Tesis _d12119 |
||
| 980 |
_81 _gALBERTO SANCHEZ Responsable de Automatización |
||